Statistiques concernant Plus grand pays frontaliers de pays aléatoires

Cliquez ici pour prendre le quiz!

Statistiques générales

  • Ce quiz a été pris 6 572 fois
  • Le résultat moyen est 12 sur 14

Statistiques - réponses

PaysPlus grand pays frontalier% Correct
ArgentineBresil
99%
ItalieFrance
99%
MarocAlgerie
98%
IrlandeRoyaume-Uni
98%
UkraineRussie
98%
MonacoFrance
97%
SuisseFrance
97%
FinlandeRussie
97%
TunisieAlgerie
96%
États UnisCanada
96%
CanadaÉtats Unis
96%
MexiqueÉtats Unis
96%
EspagneFrance
96%
Royaume-UniIrlande
96%
BiélorussieRussie
96%
LesothoAfrique du Sud
95%
VenezuelaBresil
95%
ColombieBresil
95%
RussieChine
95%
LuxembourgFrance
95%
LibyeAlgerie
94%
DanemarkAllemagne
94%
BelgiqueFrance
94%
ChineRussie
94%
Pays-BasAllemagne
93%
QatarArabie Saoudite
93%
BresilArgentine
93%
ChiliArgentine
93%
NepalChine
93%
SuedeFinlande
93%
AllemagneFrance
93%
République DominicaineHaiti
93%
Saint-MarinItalie
93%
VaticanItalie
93%
MongolieRussie
93%
PérouBresil
92%
Corée du SudCorée du Nord
92%
PortugalEspagne
92%
AndorreFrance
92%
BangladeshInde
92%
LettonieRussie
92%
OmanArabie Saoudite
91%
KoweitArabie Saoudite
91%
France
(y compris les départements
français d'outre-mer, etc.)
Bresil
91%
EquateurPerou
91%
AutricheAllemagne
90%
Emirats Arabes UnisArabie Saoudite
90%
YemenArabie Saoudite
90%
UruguayBresil
90%
ParaguayBresil
90%
IndeChine
90%
VietnamChine
90%
GuyanaBresil
89%
BolivieBresil
89%
LaosChine
89%
Macédoine du NordGréce
89%
France
(à l'exclusion des départements
français d'outre-mer, etc.)
Espagne
88%
EstonieRussie
88%
AzerbaïdjanRussie
88%
NorvegeRussie
88%
EgypteSoudan
88%
MalaisieIndonesie
87%
Papouasie Nouvelle
Guinée
Indonesie
87%
GeorgieRussie
87%
OuzbekistanKazakhstan
86%
KoweitArabie Saoudite
85%
LiechtensteinAutriche
85%
HaitiRépublique Dominicaine
85%
LituanieRussie
85%
LibanSyrie
85%
RoumanieUkraine
85%
EswatiniAfrique du Sud
84%
République TchèqueAllemagne
84%
SurinameBresil
84%
BelizeMexique
84%
Afrique du SudNamibie
84%
Corée du NordRussie
84%
BhutanChine
83%
AlbanieGrece
83%
KosovoSerbie
83%
Bosnie HerzégovineSerbie
83%
AlgerieLibye
82%
République centrafricaineRépublique démocratique
du Congo
82%
KazakhstanRussie
82%
Arabie SaouditeYemen
82%
MaliAlgerie
81%
BirmanieChine
81%
PanamaColombie
81%
GuatemalaMexique
81%
MozambiqueAfrique du Sud
80%
ZimbabweAfrique du Sud
80%
BotswanaAfrique du Sud
80%
AngolaRépublique démocratique
du Congo
80%
GréceTurquie
80%
MoldavieUkraine
80%
JordanieArabie Saoudite
79%
DjiboutiEthiopie
79%
SalvadorHonduras
79%
Timor OrientaleIndonesie
79%
RwandaRépublique démocratique
du Congo
79%
PologneRussie
79%
SomalieEthiopie
78%
HondurasNicaragua
78%
EthiopieSoudan
78%
NamibieAngola
77%
SoudanLibye
77%
Costa RicaNicaragua
77%
ThailandeBirmanie
76%
Burkina FasoNiger
76%
ErythréeSoudan
76%
CambodgeThailande
76%
SyrieTurquie
76%
GhanaCôte d'Ivoire
75%
SlovenieItalie
75%
République du CongoRépublique démocratique
du Congo
75%
SerbieRoumanie
75%
GuinéeMali
74%
OugandaRépublique démocratique
du Congo
74%
GambieSenegal
74%
MontenegroSerbie
74%
MauritanieAlgerie
73%
PakistanChine
73%
LibériaCôte d'Ivoire
73%
IsraelEgypte
73%
BruneiMalaisie
73%
Côte d'IvoireMali
73%
KirghizistanChine
72%
KenyaEthiopie
72%
NicaraguaHonduras
72%
TchadLibye
72%
SenegalMali
72%
IranPakistan
72%
KenyaEthiopie
71%
TurkmenistanKazakhstan
71%
IndonesiePapouasie Nouvelle
Guinée
71%
ArmenieIran
70%
BurundiRépublique démocratique
du Congo
70%
NigerAlgerie
69%
PalestineEgypte
69%
TanzanieRépublique démocratique
du Congo
69%
Soudan du SudRépublique démocratique
du Congo
68%
TurquieIran
67%
Guinée BissauSenegal
67%
BeninNiger
66%
BulgarieTurquie
66%
NigeriaTchad
65%
AfghanistanChine
64%
ZambieRépublique démocratique
du Congo
64%
HongrieUkraine
64%
IrakArabie Saoudite
63%
Sierra LeoneGuinée
62%
CamerounTchad
62%
SlovaquieUkraine
62%
République démocratique
du Congo
Angola
60%
CroatieHongrie
60%
Guinée ÉquatorialeCameroun
59%
TogoBurkina Faso
58%
TadjikistanChine
58%
MalawiTanzanie
58%
GabonCameroun
56%

Distribution des résultats

Percentile par nombre de réponses

% des personnes avec chaque résultat

Votre développement - résultats

Vous n’avez pas pris ce quiz